| 000 | 01105cam a2200253 4500 | ||
|---|---|---|---|
| 001 | ABS65626 | ||
| 008 | 020624n2002 000 0 eng u | ||
| 035 | _a(Sirsi) u118510 | ||
| 100 | _aBrabbs, C. | ||
| 245 | _aSpecial report: commercial and residential websites | ||
| 260 | _c2002 | ||
| 490 |
_aEstates Gazette _v(0222) 1 June 2002, 97-101(4) |
||
| 520 | _aTwo articles which discuss how the popularity of online residential sales sites are outstripping commercial property websites. Explores some of the reasons which concern commercial property clients such as whether commercial websites will be able to guarantee secure transactions. Also examines the business arguments for several of the UK's largest residential websites preparing to charge estate agents for advertising their properties. | ||
| 590 | _aABS | ||
| 650 | _aRESIDENTIAL SALES | ||
| 650 | _aSECURE TRANSACTIONS | ||
| 650 | _aE-COMMERCE | ||
| 650 | _aESTATE AGENTS | ||
| 650 | _aPROPERTY-COMMERCIAL PROPERTY | ||
| 650 | _aCLIENTS | ||
| 690 | _aINFORMATION TECHNOLOGY-INTERNET | ||
| 700 | _aNorwood, G. | ||
| 942 | _n0 | ||
| 999 |
_c70556 _d70556 |
||